Xochimilco (Record no. 2623)
[ view plain ]
| 000 -CABECERA | |
|---|---|
| campo de control de longitud fija | 00740nam a2200229 a 4500 |
| 001 - NÚMERO DE CONTROL | |
| campo de control | BRCA_2884 |
| 005 - FECHA Y HORA DE LA ÚLTIMA TRANSACCIÓN | |
| campo de control | 20190320204020.0 |
| 008 - DATOS DE LONGITUD FIJA--INFORMACIÓN GENERAL | |
| campo de control de longitud fija | 111208s1934----mx-a---###---#000-0#spa-u |
| 050 #4 - SIGNATURA TOPOGRÁFICA DE LA BIBLIOTECA DEL CONGRESO | |
| Número de clasificación | F1391 |
| Número de documento/Ítem | .G37 1934 |
| 100 1# - ENTRADA PRINCIPAL--NOMBRE DE PERSONA | |
| Nombre de persona | García Granados, Rafael |
| Fechas asociadas al nombre | 1893-1956 |
| 9 (RLIN) | 8043 |
| 245 10 - MENCIÓN DE TÍTULO | |
| Título | Xochimilco |
| Resto del título | 75 ilustraciones |
| Mención de responsabilidad, etc. | texto de Rafael García Granados. |
| 260 ## - PUBLICACIÓN, DISTRIBUCIÓN, ETC. | |
| Lugar de publicación, distribución, etc. | México |
| Nombre del editor, distribuidor, etc. | Talls. Grafs. de la Nación |
| Fecha de publicación, distribución, etc. | 1934 |
| 300 ## - DESCRIPCIÓN FÍSICA | |
| Extensión | lvi, 72 p. |
| Otras características físicas | il. |
| Dimensiones | 17 cm. |
| 440 #0 - MENCIÓN DE SERIE/PUNTO DE ACCESO ADICIONAL--TÍTULO | |
| Título | Monografías mexicanas de arte |
| Número de parte o sección de la obra | 5 |
| 9 (RLIN) | 8044 |
| 500 ## - NOTA GENERAL | |
| Nota general | B25 |
| 546 ## - NOTA DE LENGUA/LENGUAJE | |
| Nota de lengua/lenguaje | Texto en : español, francés e inglés |
| 650 14 - PUNTO DE ACCESO ADICIONAL DE MATERIA--TÉRMINO DE MATERIA | |
| Término de materia o nombre geográfico como elemento de entrada | Arte |
| Subdivisión geográfica | México |
| 9 (RLIN) | 8045 |
| 651 #4 - PUNTO DE ACCESO ADICIONAL DE MATERIA--NOMBRE GEOGRÁFICO | |
| Nombre geográfico | Xochimilco (México, D. F.) |
| 9 (RLIN) | 8046 |
| 651 #4 - PUNTO DE ACCESO ADICIONAL DE MATERIA--NOMBRE GEOGRÁFICO | |
| Nombre geográfico | México |
| Subdivisión general | Descripción y viajes |
| 9 (RLIN) | 103 |
| 902 ## - CATALOGADOR | |
| Iniciales | GFM |
| 942 ## - ELEMENTOS DE PUNTO DE ACCESO ADICIONAL (KOHA) | |
| Fuente del sistema de clasificación o colocación | Library of Congress Classification |
| Tipo de ítem Koha | Libros |
| Estado de retiro | Estado de pérdida | Estado dañado | No para préstamo | Localización permanente | Ubicación/localización actual | Fecha de adquisición | Número de inventario | Total de préstamos | Signatura topográfica completa | Código de barras | Fecha visto por última vez | Precio válido a partir de | Tipo de ítem Koha |
|---|---|---|---|---|---|---|---|---|---|---|---|---|---|
| El ejemplar forma parte de la colección y puede ser consultado según las políticas vigentes. | Biblioteca del Museo Franz Mayer (Rogerio Casas-Alatriste) | Biblioteca del Museo Franz Mayer (Rogerio Casas-Alatriste) | 11/12/2008 | B25 | F1391 .G37 1934 (B25) | 2881 | 22/03/2019 | 22/03/2019 | Libros |